Serie A Top Scorers - Statistics

General Stats
  • This quiz has been taken 86 times
    79 since last reset
  • The average score is 22 of 35
Answer Stats
Year # Club Answer % Correct
2007-08 21 Juventus Alessandro Del Piero
90%
2013-14 22 Torino Ciro Immobile
88%
Lazio Ciro Immobile
88%
2006-07 26 Roma Francesco Totti
88%
2009-10 29 Udinese Antonio Di Natale
85%
2010-11 28 Udinese Antonio Di Natale
85%
2016-17 29 Roma Edin Dzeko
84%
1987-88 15 Napoli Diego Armando Maradona
82%
2015-16 36 Napoli Gonzalo Higuaín
82%
2008-09 25 Inter Zlatan Ibrahimovic
81%
2011-12 28 Milan Zlatan Ibrahimovic
81%
2014-15 22 Inter Mauro Icardi
79%
2017-18 29 Inter Mauro Icardi
79%
1996-97 24 Atalanta Filippo Inzaghi
76%
2005-06 31 Fiorentina Luca Toni
75%
Verona Luca Toni
75%
1999-00 24 Milan Andrij Shevchenko
72%
2003-04 24 Milan Andrij Shevchenko
72%
2012-13 29 Napoli Edinson Cavani
71%
2002-03 24 Inter Christian Vieri
69%
1989-90 19 Milan Marco Van Basten
69%
1991-92 25 Milan Marco Van Basten
69%
1994-95 26 Fiorentina Gabriel Batistuta
68%
Juventus David Trezeguet
56%
1990-91 19 Sampdoria Gianluca Vialli
50%
2000-01 26 Lazio Hernán Crespo
50%
2004-05 24 Livorno Cristiano Lucarelli
44%
1997-98 27 Udinese Oliver Bierhoff
40%
1992-93 26 Lazio Giuseppe Signori
37%
1993-94 23 Lazio Giuseppe Signori
37%
Lazio Giuseppe Signori
37%
2001-02 24 Piacenza Dario Hübner
28%
1998-99 22 Udinese Márcio Amoroso
24%
1995-96 24 Bari Igor Protti
21%
1988-89 22 Inter Aldo Serena
15%
No matching quizzes found
Score Distribution
Percent of People with Each Score
Percentile by Number Answered
Your Score History
You have not taken this quiz since the last reset